| 000 | 01588nam a2200277 a 4500 | ||
|---|---|---|---|
| 005 | 20200104041538.0 | ||
| 008 | 140915b xxu||||| |||| 00| 0 spa d | ||
| 041 | _aspa | ||
| 090 |
_aIAvH _b00233 |
||
| 100 |
_aLeón, Adriana _926975 |
||
| 245 | _aEvaluación del hábitat potencial y estado poblacional de la pava caucana (Penelope perspicax) en el vallle del río Cauca y su manejo en cautiverio | ||
| 260 |
_aCali _c2001 _bInstituto Humboldt |
||
| 300 | _a33 p. | ||
| 520 | _aSe evalua el hábitat potencial de la pava caucana en términos de su área y grado de fragmentación. Se exploran algunas localidades potenciales para determinar la presencia o ausencia de la especie y obtener un estimado poblacional para la Reserva de Yotoco. Se realizó un análisis del estado actual de los bosques de la región, con base en un mapa a escala de la cobertura boscosa de las laderas andinas del departamento, determinándose el grave deterioro de la densidad boscosa, siendo más grave el de la cordillera Central, donde se ha extinguido el bosque nativo, con gran impacto negativo sobre la supervivencia de la especie | ||
| 650 |
_aConservación de biodiversidad _9345 |
||
| 650 |
_aPlantas _926976 |
||
| 650 |
_aEstrategias de conservación _91307 |
||
| 650 |
_aInvestigación científica _926977 |
||
| 650 |
_aConservación in situ _93264 |
||
| 650 |
_aUso de biodiversidad _9343 |
||
| 650 |
_aManejo de biodiversidad _92614 |
||
| 650 |
_aCooperación internacional _926978 |
||
| 700 |
_aCorredor, Germán _92701 |
||
| 700 |
_aKattan, Gustavo H. _94374 |
||
| 942 |
_cINFORME _2z |
||
| 999 |
_c3026 _d3026 |
||